[Event "SV Erkenschwick 1 - Godesberger SK 1"]
[Site "NRW-Liga - Gruppe 1 2019/2020"]
[Date "2020.01.26"]
[Round "5.2"]
[White "De Vreugt, Dennis"]
[Black "Teclaf, Pawel"]
[Result "0-1"]
[WhiteElo "2365"]
[BlackElo "2421"]
[Annotator "Daniel"]
[PlyCount "102"]
[EventDate "2020.??.??"]
[SourceVersionDate "2020.03.16"]
[WhiteTeam "SV Erkenschwick 1"]
[BlackTeam "Godesberger SK 1"]

1. d4 Nf6 2. g3 d5 3. Bg2 g6 4. Nf3 Bg7 5. O-O O-O 6. c4 dxc4 7. Qc2 Nc6 8.
Qxc4 Be6 9. Qa4 Nd5 10. e3 $11 Nb6 11. Qa3 a5 12. Bd2 Bd5 13. Re1 Nc4 14. Qd3
Nxb2 15. Qc2 Nc4 16. a3 Bxf3 17. Qxc4 Bxg2 18. Kxg2 e5 19. d5 Ne7 20. e4 c6 21.
Nc3 b5 22. Qc5 cxd5 23. exd5 Qd7 24. Rab1 Rab8 25. Nxb5 Nxd5 26. Nd6 Qe6 27.
Bxa5 Rxb1 28. Rxb1 Ra8 29. Ne4 Bf8 30. Qb5 h6 31. a4 Rc8 32. Re1 Be7 33. Bd2 f5
34. Bxh6 fxe4 35. Bd2 Nf6 36. Qb7 Qc6 37. Qxc6 Rxc6 38. Bg5 Rc4 39. Ra1 Rc6 40.
Rb1 Kf7 41. a5 Ke6 42. Ra1 Ra6 43. Bd2 Bc5 44. h3 Bd4 45. Ra3 Nd7 46. g4 Nc5
47. h4 Nd3 48. Be3 Ne1+ 49. Kg3 Nc2 50. Ra2 Nxe3 51. fxe3 Bxe3 0-1

[Event "SV Erkenschwick 1 - Godesberger SK 1"]
[Site "NRW-Liga - Gruppe 1 2019/2020"]
[Date "2020.01.26"]
[Round "5.3"]
[White "Seger, Ruediger"]
[Black "Erwich, Frank"]
[Result "0-1"]
[WhiteElo "2314"]
[BlackElo "2365"]
[PlyCount "102"]
[EventDate "2020.??.??"]
[SourceVersionDate "2020.03.16"]
[WhiteTeam "Godesberger SK 1"]
[BlackTeam "SV Erkenschwick 1"]

1. e4 e5 2. Nf3 Nc6 3. d4 exd4 4. Nxd4 Bc5 5. Nxc6 bxc6 6. Bd3 Qh4 7. O-O Nf6
8. Qf3 O-O 9. Bf4 d6 10. Nd2 Nh5 11. Bg3 Qg5 12. h4 Qxg3 13. Qxh5 Qf4 14. Qg5
Qxg5 15. hxg5 a5 16. a4 Be6 17. Rae1 Rab8 18. b3 Bb4 19. Re2 Bg4 20. f3 Bd7 21.
g4 Rbe8 22. Rd1 f6 23. Bc4+ Kh8 24. g6 d5 25. exd5 Rxe2 26. Bxe2 cxd5 27. gxh7
f5 28. g5 Re8 29. Bd3 Kxh7 30. f4 Bd6 31. Rf1 Re3 32. Kg2 g6 33. Rh1+ Kg7 34.
Nf1 Re1 35. Kg3 c5 36. Rh2 c4 37. bxc4 dxc4 38. Be2 Bxa4 39. Ne3 Rg1+ 40. Kf2
Rc1 41. Kg3 c3 42. Bd3 Rg1+ 43. Kf2 Rb1 44. Nd5 Rb8 45. Nxc3 Bc6 46. Rh6 Rb4
47. Ne2 Bb7 48. Kg3 Bc5 49. c3 Rb2 50. Bc4 a4 51. Rh2 Be3 0-1

[Event "SV Erkenschwick 1 - Godesberger SK 1"]
[Site "NRW-Liga - Gruppe 1 2019/2020"]
[Date "2020.01.26"]
[Round "5.5"]
[White "Koehler, Christian Friedrich"]
[Black "Van Beek, Alexander"]
[Result "1/2-1/2"]
[WhiteElo "2219"]
[BlackElo "2255"]
[PlyCount "122"]
[EventDate "2020.??.??"]
[SourceVersionDate "2020.03.16"]
[WhiteTeam "Godesberger SK 1"]
[BlackTeam "SV Erkenschwick 1"]

1. e4 e5 2. Nf3 Nc6 3. Bb5 Nf6 4. O-O Nxe4 5. d4 Nd6 6. Bxc6 dxc6 7. dxe5 Nf5
8. Qxd8+ Kxd8 9. Nc3 Bd7 10. Rd1 Kc8 11. Ng5 Be8 12. h3 h5 13. Bf4 b6 14. Rd2
Kb7 15. Rad1 Be7 16. Nge4 f6 17. exf6 gxf6 18. Ng3 Nxg3 19. Bxg3 h4 20. Bf4 Rh7
21. Ne2 c5 22. Nc3 Bc6 23. Nd5 Rg8 24. c4 Bd8 25. Kh2 Kc8 26. Re1 a5 27. b3 Re8
28. Rxe8 Bxe8 29. Re2 Bg6 30. g3 Bd3 31. Re8 Kd7 32. Re3 hxg3+ 33. fxg3 Bf5 34.
h4 c6 35. Nc3 Re7 36. Rxe7+ Bxe7 37. Kg2 Bd3 38. Kf3 b5 39. cxb5 cxb5 40. Ke3
c4 41. Nxb5 cxb3 42. Nc3 Bc4 43. axb3 Bxb3 44. Kd3 a4 45. Nb5 a3 46. Bc1 a2 47.
Bb2 Bg8 48. Ke4 Bh7+ 49. Kd5 Bg8+ 50. Ke4 Bc4 51. Nd4 Bd6 52. g4 Bf7 53. Kf5
Be5 54. g5 Kd6 55. Nb5+ Kc5 56. Nc3 Kc4 57. Nxa2 Bxb2 58. g6 Bxg6+ 59. Kxg6 Kb3
60. h5 Kxa2 61. h6 f5 1/2-1/2

[Event "SV Erkenschwick 1 - Godesberger SK 1"]
[Site "NRW-Liga - Gruppe 1 2019/2020"]
[Date "2020.01.26"]
[Round "5.6"]
[White "Langers, Alexander"]
[Black "Grabowski, Pawel"]
[Result "1/2-1/2"]
[WhiteElo "2217"]
[BlackElo "2264"]
[PlyCount "89"]
[EventDate "2020.??.??"]
[SourceVersionDate "2020.03.16"]
[WhiteTeam "SV Erkenschwick 1"]
[BlackTeam "Godesberger SK 1"]

1. e4 e5 2. Nf3 Nc6 3. Bb5 a6 4. Ba4 Nf6 5. O-O b5 6. Bb3 Be7 7. d3 d6 8. a4
Bg4 9. c3 O-O 10. h3 Bd7 11. Nbd2 Na5 12. Bc2 c5 13. Re1 Qb6 14. Nf1 bxa4 15.
Bxa4 Be6 16. c4 Rfb8 17. Ra3 Nc6 18. Ne3 Qc7 19. Nd5 Bxd5 20. cxd5 Na7 21. Nd2
Nb5 22. Ra2 Nd7 23. Nc4 Nb6 24. Bd2 Nxc4 25. dxc4 Nd4 26. Qg4 Ra7 27. Rea1 g6
28. Bc3 h5 29. Qd1 Bg5 30. Qd3 Qc8 31. Bd1 Nb3 32. Bxb3 Rxb3 33. Qd1 Rb6 34.
Ra3 f5 35. Qf3 fxe4 36. Qxe4 Kh7 37. Be1 Bf4 38. g3 Bg5 39. h4 Bh6 40. Qe2 Qf5
41. Ba5 Rb8 42. Bc3 Rb6 43. Ba5 Rb8 44. Bc3 Rb6 45. Ba5 1/2-1/2

[Event "SV Erkenschwick 1 - Godesberger SK 1"]
[Site "NRW-Liga - Gruppe 1 2019/2020"]
[Date "2020.01.26"]
[Round "5.7"]
[White "Brandt, Sebastian"]
[Black "Strozewski, Frank"]
[Result "1-0"]
[WhiteElo "2198"]
[BlackElo "2009"]
[PlyCount "63"]
[EventDate "2020.??.??"]
[SourceVersionDate "2020.03.16"]
[WhiteTeam "Godesberger SK 1"]
[BlackTeam "SV Erkenschwick 1"]

1. e4 d6 2. d4 g6 3. c4 Bg7 4. Nc3 Nc6 5. d5 Nb8 6. Be2 e5 7. Be3 b6 8. h4 h6
9. Qd2 Ne7 10. g4 Bd7 11. O-O-O Qc8 12. Nh3 Bxg4 13. Bxg4 Qxg4 14. f4 Nd7 15.
Rdg1 Qh5 16. Ne2 Nc5 17. Nc3 a5 18. f5 Bf6 19. fxg6 Nxg6 20. Nf2 O-O-O 21. Ng4
Bg7 22. Qc2 Nf4 23. Bxc5 dxc5 24. Qa4 Rd6 25. Ne3 Rg6 26. Nf5 Bf8 27. Rxg6 Qxg6
28. Rd1 Qf6 29. d6 Qd8 30. Qc6 Kb8 31. dxc7+ Qxc7 32. Qe8+ 1-0

[Event "SV Erkenschwick 1 - Godesberger SK 1"]
[Site "NRW-Liga - Gruppe 1 2019/2020"]
[Date "2020.01.26"]
[Round "5.8"]
[White "Trzaska, Peter"]
[Black "Wecker, Martin"]
[Result "1/2-1/2"]
[WhiteElo "2076"]
[BlackElo "2115"]
[PlyCount "61"]
[EventDate "2020.??.??"]
[SourceVersionDate "2020.03.16"]
[WhiteTeam "SV Erkenschwick 1"]
[BlackTeam "Godesberger SK 1"]

1. c4 e5 2. Nf3 Nc6 3. Nc3 Nf6 4. g3 Bb4 5. Nd5 O-O 6. Nxb4 Nxb4 7. a3 Nc6 8.
d3 e4 9. dxe4 Nxe4 10. Bg2 Re8 11. O-O d6 12. Be3 Qe7 13. Nd4 Bd7 14. Rc1 a6
15. Qc2 Nxd4 16. Bxd4 Bf5 17. Bxe4 Bxe4 18. Qc3 Qg5 19. Qe3 Qg6 20. f3 Bf5 21.
Qf2 h5 22. e4 Bd7 23. Rfe1 Rad8 24. Re3 Re6 25. Rce1 Rde8 26. b4 Bc6 27. Qe2 f5
28. b5 axb5 29. cxb5 Bd7 30. Qc4 Qf7 31. e5 1/2-1/2

[Event "SK Sodingen/Castrop 1 - SC Rochade Emsd"]
[Site "NRW-Liga - Gruppe 1 2019/2020"]
[Date "2020.01.26"]
[Round "5.1"]
[White "Kabatianski, Alexander"]
[Black "Tomaszewski, Roman"]
[Result "1-0"]
[WhiteElo "2308"]
[BlackElo "2184"]
[Annotator "Daniel"]
[PlyCount "63"]
[EventDate "2020.??.??"]
[SourceVersionDate "2020.03.16"]
[WhiteTeam "SC Rochade Emsdetten 1"]
[BlackTeam "SK Sodingen/Castrop 1"]

1. Nf3 Nf6 2. c4 c6 3. Nc3 d5 4. e3 g6 5. d4 Bg7 6. Bd3 O-O 7. O-O Bg4 8. h3
Bxf3 9. Qxf3 e6 10. Rd1 Nbd7 11. Qe2 Re8 12. Qc2 Rc8 13. Bf1 h5 14. Bd2 a6 15.
Rac1 dxc4 16. Bxc4 b5 17. Be2 c5 18. dxc5 Nxc5 19. Be1 Qb6 20. Bf3 Qb8 21. b4
Na4 22. Qb3 Nxc3 23. Bxc3 Nh7 24. Bxg7 Kxg7 25. Qb2+ Kg8 26. Rc5 Rxc5 27. bxc5
Qc7 28. c6 Ng5 29. Qc3 Re7 30. Qc5 Nxf3+ 31. gxf3 e5 32. Rd6 {Rest unleserlich!
} 1-0

[Event "SK Sodingen/Castrop 1 - SC Rochade Emsd"]
[Site "NRW-Liga - Gruppe 1 2019/2020"]
[Date "2020.01.26"]
[Round "5.2"]
[White "Werrn, Pascal"]
[Black "De Groote, Ewoud"]
[Result "0-1"]
[WhiteElo "2083"]
[BlackElo "2201"]
[PlyCount "94"]
[EventDate "2020.??.??"]
[SourceVersionDate "2020.03.16"]
[WhiteTeam "SK Sodingen/Castrop 1"]
[BlackTeam "SC Rochade Emsdetten 1"]

1. d4 f5 2. g3 Nf6 3. Bg2 g6 4. Nh3 Nc6 5. d5 Ne5 6. O-O c6 7. Bf4 Nf7 8. c4 e5
9. dxe6 dxe6 10. Qxd8+ Kxd8 11. Ng5 Nxg5 12. Bxg5 Be7 13. Nc3 e5 14. e4 Nxe4
15. Bxe7+ Kxe7 16. Nxe4 fxe4 17. Bxe4 Be6 18. b3 Rad8 19. Rad1 a5 20. f3 Rd4
21. Rxd4 exd4 22. c5 Rd8 23. Kf2 Bf5 24. Re1 Kf6 25. g4 d3 26. Bxf5 gxf5 27.
Ke3 Re8+ 28. Kd2 Rxe1 29. Kxe1 fxg4 30. fxg4 Kg5 31. Kd2 Kxg4 32. Kxd3 Kh3 33.
Ke3 Kxh2 34. Kf2 Kh3 35. Kf3 Kh4 36. Kf4 h6 37. a3 h5 38. b4 a4 39. Ke5 Kg4 40.
Kd6 h4 41. Kc7 h3 42. Kxb7 h2 43. Kxc6 h1=Q+ 44. Kb6 Kf5 45. c6 Ke6 46. b5 Kd6
47. Ka5 Kc5 0-1

[Event "SK Sodingen/Castrop 1 - SC Rochade Emsd"]
[Site "NRW-Liga - Gruppe 1 2019/2020"]
[Date "2020.01.26"]
[Round "5.3"]
[White "Lehmann, Holger"]
[Black "Boehnke, Martin"]
[Result "1-0"]
[WhiteElo "2170"]
[BlackElo "2139"]
[PlyCount "115"]
[EventDate "2020.??.??"]
[SourceVersionDate "2020.03.16"]
[WhiteTeam "SC Rochade Emsdetten 1"]
[BlackTeam "SK Sodingen/Castrop 1"]

1. d4 d5 2. c4 c6 3. Nc3 Nf6 4. cxd5 cxd5 5. Bf4 Nc6 6. e3 Bf5 7. Qb3 Na5 8.
Qa4+ Bd7 9. Qc2 e6 10. Bd3 Rc8 11. Nf3 Nh5 12. Be5 f6 13. Bg3 f5 14. Be5 Nf6
15. O-O Bb4 16. Rac1 O-O 17. Qe2 Ne4 18. Nb1 Qb6 19. Bf4 a6 20. Ne5 Bb5 21. f3
Bxd3 22. Qxd3 Nf6 23. Rc2 Bd6 24. Rfc1 Rxc2 25. Rxc2 Bxe5 26. Bxe5 Nc4 27. b3
Nxe5 28. dxe5 Nd7 29. Qd4 Qa5 30. Kf2 h6 31. f4 Rf7 32. Nd2 Kh7 33. Nf3 Nb8 34.
Qc5 Qxc5 35. Rxc5 Nc6 36. a3 Rd7 37. Nd4 Nxd4 38. exd4 Kg6 39. b4 Kf7 40. Kf3
Ke7 41. g4 fxg4+ 42. Kxg4 g6 43. a4 Kd8 44. h4 Rf7 45. b5 axb5 46. Rxb5 Rc7 47.
Rb6 Ke7 48. a5 h5+ 49. Kg5 Kf7 50. Kh6 Re7 51. Rd6 Rc7 52. Rd8 Ke7 53. Rg8 Rc4
54. Rg7+ Kd8 55. Rxb7 Rxd4 56. a6 Kc8 57. Re7 Rxf4 58. Re8+ 1-0

[Event "SK Sodingen/Castrop 1 - SC Rochade Emsd"]
[Site "NRW-Liga - Gruppe 1 2019/2020"]
[Date "2020.01.26"]
[Round "5.4"]
[White "Kusnetsov, Mark"]
[Black "Hiller, Simon"]
[Result "1/2-1/2"]
[WhiteElo "2126"]
[BlackElo "2141"]
[PlyCount "51"]
[EventDate "2020.??.??"]
[SourceVersionDate "2020.03.16"]
[WhiteTeam "SK Sodingen/Castrop 1"]
[BlackTeam "SC Rochade Emsdetten 1"]

1. d4 d5 2. Nf3 Nf6 3. c4 e6 4. Nc3 c6 5. e3 Nbd7 6. Bd3 dxc4 7. Bxc4 b5 8. Bd3
Bb7 9. O-O a6 10. e4 c5 11. d5 c4 12. Bc2 Qc7 13. dxe6 fxe6 14. Nd4 Nc5 15. e5
Qxe5 16. Re1 Qc7 17. Nxe6 Nxe6 18. Rxe6+ Kf7 19. Rxf6+ gxf6 20. Qh5+ Kg8 21.
Bf5 Qc6 22. Qg4+ Kf7 23. Be4 Re8 24. Qh5+ Kg8 25. Qg4+ Kf7 26. Qh5+ 1/2-1/2

[Event "SK Sodingen/Castrop 1 - SC Rochade Emsd"]
[Site "NRW-Liga - Gruppe 1 2019/2020"]
[Date "2020.01.26"]
[Round "5.5"]
[White "Paalman, Henk-Jan"]
[Black "Banik, Thorsten"]
[Result "1/2-1/2"]
[WhiteElo "2140"]
[BlackElo "2112"]
[PlyCount "40"]
[EventDate "2020.??.??"]
[SourceVersionDate "2020.03.16"]
[WhiteTeam "SC Rochade Emsdetten 1"]
[BlackTeam "SK Sodingen/Castrop 1"]

1. d4 Nf6 2. Nf3 g6 3. Nc3 d5 4. Bf4 Bg7 5. e3 O-O 6. Be2 c6 7. Ne5 Qb6 8. Na4
Qa5+ 9. c3 Nbd7 10. b4 Qd8 11. O-O Nxe5 12. Bxe5 Ne4 13. Bxg7 Kxg7 14. Qc1 Re8
15. f4 h5 16. Nb2 Bg4 17. Bf3 Nd6 18. Nd3 Bf5 19. Qd2 Bxd3 20. Qxd3 f5 1/2-1/2

[Event "SK Sodingen/Castrop 1 - SC Rochade Emsd"]
[Site "NRW-Liga - Gruppe 1 2019/2020"]
[Date "2020.01.26"]
[Round "5.6"]
[White "Hille, Ralph Ingo"]
[Black "Mueller, Achim"]
[Result "0-1"]
[WhiteElo "2020"]
[BlackElo "2004"]
[PlyCount "86"]
[EventDate "2020.??.??"]
[SourceVersionDate "2020.03.16"]
[WhiteTeam "SK Sodingen/Castrop 1"]
[BlackTeam "SC Rochade Emsdetten 1"]

1. b3 e5 2. Bb2 Nc6 3. e3 Nf6 4. Nf3 e4 5. Nd4 Bc5 6. Nxc6 dxc6 7. d4 exd3 8.
cxd3 Bf5 9. d4 Bb4+ 10. Bc3 Bd6 11. Bd3 Bg6 12. Bxg6 hxg6 13. Nd2 Qe7 14. Qf3
Nd5 15. Rc1 O-O-O 16. h3 Rh5 17. O-O Rdh8 18. e4 Nf4 19. e5 Qg5 20. g3 Nxh3+
21. Kg2 Ba3 22. Rcd1 Rh4 23. Ne4 Qh6 24. Rh1 Nf4+ 25. Qxf4 Rxh1 26. Qxh6 R1xh6
27. b4 Rh2+ 28. Kf3 Rh1 29. Rd3 a5 30. bxa5 Be7 31. Ke2 f5 32. Nd2 Rc1 33. Bb2
Rc2 34. Rb3 Bg5 35. Bc3 Rxa2 36. f4 Rh2+ 37. Kd3 Be7 38. Nc4 Rhg2 39. Be1 Rg1
40. Rb1 g5 41. Ne3 g6 42. d5 Ra3+ 43. Ke2 Bc5 0-1

[Event "SK Sodingen/Castrop 1 - SC Rochade Emsd"]
[Site "NRW-Liga - Gruppe 1 2019/2020"]
[Date "2020.01.26"]
[Round "5.7"]
[White "Lemli, Thomas"]
[Black "Mueller, Frank"]
[Result "1/2-1/2"]
[WhiteElo "1966"]
[BlackElo "2012"]
[PlyCount "44"]
[EventDate "2020.??.??"]
[SourceVersionDate "2020.03.16"]
[WhiteTeam "SC Rochade Emsdetten 1"]
[BlackTeam "SK Sodingen/Castrop 1"]

1. Nf3 Nf6 2. g3 g6 3. b3 Bg7 4. Bb2 O-O 5. Bg2 d5 6. c4 c6 7. O-O Re8 8. Qc2
Nbd7 9. d4 Ne4 10. cxd5 cxd5 11. Nbd2 Ndf6 12. Nxe4 Nxe4 13. Rfc1 Bh6 14. e3
Qb6 15. Qc7 Qf6 16. Qe5 Bg4 17. Qxf6 exf6 18. Rc7 Rac8 19. Rxc8 Rxc8 20. Ne1
Bf5 21. Kf1 Bf8 22. Rc1 Rxc1 1/2-1/2

[Event "SK Sodingen/Castrop 1 - SC Rochade Emsd"]
[Site "NRW-Liga - Gruppe 1 2019/2020"]
[Date "2020.01.26"]
[Round "5.8"]
[White "Rohovoy, Dmitrij"]
[Black "Bielderman, Guy"]
[Result "0-1"]
[WhiteElo "1971"]
[BlackElo "2158"]
[PlyCount "78"]
[EventDate "2020.??.??"]
[SourceVersionDate "2020.03.16"]
[WhiteTeam "SK Sodingen/Castrop 1"]
[BlackTeam "SC Rochade Emsdetten 1"]

1. d4 e6 2. Nf3 f5 3. c4 Nf6 4. Nc3 Bb4 5. Qc2 O-O 6. e3 b6 7. Bd3 Bb7 8. Bd2
Bxc3 9. Bxc3 Ne4 10. Bb4 c5 11. Ba3 d6 12. O-O Nd7 13. Rfd1 Qe8 14. b4 cxd4 15.
exd4 Qg6 16. Bxe4 fxe4 17. Ne1 Nf6 18. Bc1 Ng4 19. Be3 Qh5 20. h3 Nxe3 21. fxe3
Rf6 22. c5 dxc5 23. dxc5 Raf8 24. Qc3 Rf1+ 25. Kh2 e5 26. Qc4+ Qf7 27. Qxf7+
R1xf7 28. cxb6 axb6 29. Rd6 Rf2 30. Rxb6 Bd5 31. a4 Re2 32. a5 Rf1 33. Rd1 h5
34. Rxd5 Rexe1 35. Rb8+ Kf7 36. Rd7+ Ke6 37. Rxg7 h4 38. Rb6+ Kd5 39. g4 Re2#
0-1

[Event "Herforder SV Königsspringer 1 - SG Por"]
[Site "NRW-Liga - Gruppe 1 2019/2020"]
[Date "2020.01.26"]
[Round "5.1"]
[White "Suvorov, Luca"]
[Black "Nordsieck, Thomas"]
[Result "1/2-1/2"]
[WhiteElo "2209"]
[BlackElo "2264"]
[PlyCount "89"]
[EventDate "2020.??.??"]
[SourceVersionDate "2020.03.16"]
[WhiteTeam "SG Porz 2"]
[BlackTeam "Herforder SV Königsspringer 1"]

1. d4 g6 2. c4 Bg7 3. e4 d6 4. f3 Nf6 5. Be3 O-O 6. Nc3 Nc6 7. Qd2 a6 8. Nge2
Rb8 9. Rc1 b5 10. cxb5 Na7 11. a4 axb5 12. d5 c5 13. dxc6 Nxc6 14. axb5 Na5 15.
Qd3 Nd7 16. b4 Ne5 17. Qc2 Nac4 18. Bd4 Be6 19. f4 Ng4 20. Bxg7 Kxg7 21. Nd5
Bxd5 22. exd5 Nce3 23. Qd2 Qb6 24. Qd4+ Qxd4 25. Nxd4 Nxf1 26. Kxf1 Ne3+ 27.
Kf2 Nxd5 28. Kf3 Nxb4 29. Rc4 Nd5 30. Rd1 e6 31. Rc6 Rfd8 32. Ra6 Rd7 33. Rc6
Kf6 34. g4 h6 35. h4 Ra7 36. g5+ Kg7 37. f5 Ra3+ 38. Kf2 Ra2+ 39. Kf3 Ra3+ 40.
Kf2 Ra2+ 41. Kf3 gxf5 42. Nxf5+ Kg6 43. Nxd6 hxg5 44. hxg5 Ra3+ 45. Kf2 1/2-1/2

[Event "Herforder SV Königsspringer 1 - SG Por"]
[Site "NRW-Liga - Gruppe 1 2019/2020"]
[Date "2020.01.26"]
[Round "5.2"]
[White "Peist, Jürgen"]
[Black "Wagenknecht, Uwe"]
[Result "1-0"]
[WhiteElo "2271"]
[BlackElo "2149"]
[PlyCount "67"]
[EventDate "2020.??.??"]
[SourceVersionDate "2020.03.16"]
[WhiteTeam "Herforder SV Königsspringer 1"]
[BlackTeam "SG Porz 2"]

1. Nf3 Nf6 2. c4 g6 3. Nc3 Bg7 4. d4 d6 5. Bf4 O-O 6. h3 c5 7. e3 Nbd7 8. Be2
b6 9. O-O Bb7 10. d5 Ne8 11. Qc2 Ne5 12. Nd2 Nc7 13. e4 a6 14. a4 e6 15. Bg3
exd5 16. cxd5 Rb8 17. f4 Nd7 18. Nc4 Qe7 19. e5 Nxd5 20. Nxd5 Bxd5 21. Nxd6 Ra8
22. Rad1 Be6 23. Rfe1 Ra7 24. Bd3 Rd8 25. b4 cxb4 26. Nc8 Rxc8 27. Qxc8+ Bf8
28. Bf2 Nc5 29. Qc6 Bb3 30. Qxb6 Bxd1 31. Rxd1 Rd7 32. Bc2 Rxd1+ 33. Bxd1 Nxa4
34. Bxa4 1-0

[Event "Herforder SV Königsspringer 1 - SG Por"]
[Site "NRW-Liga - Gruppe 1 2019/2020"]
[Date "2020.01.26"]
[Round "5.3"]
[White "Mohammadi Nia, Borna"]
[Black "Bentel, Robin"]
[Result "0-1"]
[WhiteElo "2137"]
[BlackElo "2112"]
[PlyCount "64"]
[EventDate "2020.??.??"]
[SourceVersionDate "2020.03.16"]
[WhiteTeam "SG Porz 2"]
[BlackTeam "Herforder SV Königsspringer 1"]

1. e4 e5 2. Nf3 Nc6 3. Bb5 a6 4. Ba4 Nf6 5. O-O Be7 6. Re1 b5 7. Bb3 O-O 8. a4
Rb8 9. axb5 axb5 10. d3 d6 11. h3 Nd7 12. c3 b4 13. d4 Bf6 14. d5 Ne7 15. cxb4
Rxb4 16. Bd2 Rb8 17. Qc2 c5 18. dxc6 Nxc6 19. Bxf7+ Rxf7 20. Qxc6 Nc5 21. Ba5
Qe7 22. Nc3 Bd7 23. Qc7 Rb7 24. Nd5 Qe6 25. Nxf6+ gxf6 26. Qd8+ Rf8 27. Ng5
fxg5 28. Qxg5+ Kh8 29. Bc3 Bc6 30. Ra5 Rg7 31. Qh5 Nd3 32. Re3 Rxg2+ 0-1

[Event "Herforder SV Königsspringer 1 - SG Por"]
[Site "NRW-Liga - Gruppe 1 2019/2020"]
[Date "2020.01.26"]
[Round "5.4"]
[White "Beilfuß, Wilfried"]
[Black "Gallasch, Robin"]
[Result "1/2-1/2"]
[WhiteElo "2156"]
[BlackElo "2010"]
[PlyCount "45"]
[EventDate "2020.??.??"]
[SourceVersionDate "2020.03.16"]
[WhiteTeam "Herforder SV Königsspringer 1"]
[BlackTeam "SG Porz 2"]

1. g3 d5 2. Nf3 Nf6 3. Bg2 e6 4. O-O Be7 5. d4 O-O 6. c4 dxc4 7. Qa4 a6 8. Qxc4
b5 9. Qc2 Bb7 10. Bg5 Nbd7 11. Nbd2 Rc8 12. Bxf6 Nxf6 13. Nb3 Be4 14. Qc3 b4
15. Qe3 Qd5 16. Rfc1 c5 17. Nxc5 Bxc5 18. dxc5 Rfd8 19. b3 Ng4 20. Qf4 f5 21.
Ne1 Bxg2 22. Nxg2 Rxc5 23. Ne3 1/2-1/2

[Event "Herforder SV Königsspringer 1 - SG Por"]
[Site "NRW-Liga - Gruppe 1 2019/2020"]
[Date "2020.01.26"]
[Round "5.5"]
[White "Gallinnis, Norbert"]
[Black "Loemker, Michael"]
[Result "1-0"]
[WhiteElo "2078"]
[BlackElo "2055"]
[PlyCount "63"]
[EventDate "2020.??.??"]
[SourceVersionDate "2020.03.16"]
[WhiteTeam "SG Porz 2"]
[BlackTeam "Herforder SV Königsspringer 1"]

1. e4 g6 2. d4 Bg7 3. Nc3 d6 4. f3 Nf6 5. Be3 c6 6. Qd2 b5 7. g4 h5 8. g5 Nfd7
9. f4 Nb6 10. Nf3 Bg4 11. Nh4 d5 12. f5 b4 13. Nd1 dxe4 14. fxg6 f6 15. c3 bxc3
16. bxc3 N8d7 17. Nf2 fxg5 18. Bxg5 Nf6 19. Nxg4 hxg4 20. Be2 Qd5 21. Rf1 Nc4
22. Bxc4 Qxc4 23. Nf5 Rg8 24. Rb1 Rd8 25. Rb4 Qa6 26. Qb2 Nd5 27. Rb7 Bf6 28.
Bxf6 exf6 29. Ng7+ Rxg7 30. Rxg7 Kf8 31. Qb7 Qxb7 32. Rxb7 1-0

[Event "Herforder SV Königsspringer 1 - SG Por"]
[Site "NRW-Liga - Gruppe 1 2019/2020"]
[Date "2020.01.26"]
[Round "5.6"]
[White "Hanisch, Bernd"]
[Black "Thalwitzer, David"]
[Result "0-1"]
[WhiteElo "2012"]
[BlackElo "2101"]
[PlyCount "94"]
[EventDate "2020.??.??"]
[SourceVersionDate "2020.03.16"]
[WhiteTeam "Herforder SV Königsspringer 1"]
[BlackTeam "SG Porz 2"]

1. c4 g6 2. g3 Bg7 3. Bg2 d6 4. d4 Nf6 5. Nf3 O-O 6. O-O c6 7. Nc3 Bf5 8. Bg5
Ne4 9. Nxe4 Bxe4 10. Qd2 d5 11. c5 Nd7 12. Bh6 Re8 13. Bxg7 Kxg7 14. Rfe1 e5
15. Nxe5 Nxe5 16. dxe5 Bxg2 17. Kxg2 Rxe5 18. Rad1 Qf6 19. Qd4 Rae8 20. e3 Re4
21. Qxf6+ Kxf6 22. b3 d4 23. Kf3 R8e5 24. exd4 Rxe1 25. dxe5+ Rxe5 26. b4 Ke6
27. Rd4 h5 28. Re4 Kf6 29. Rf4+ Ke6 30. Re4 Kd5 31. Rxe5+ Kxe5 32. Ke3 f6 33.
h3 g5 34. f3 Kd5 35. Kd3 f5 36. g4 fxg4 37. fxg4 hxg4 38. hxg4 Ke5 39. Ke3 Kd5
40. Kd3 a5 41. a3 Ke5 42. Ke3 a4 43. Kf3 Kd4 44. Kf2 Ke4 45. Kg3 Ke3 46. Kg2
Kf4 47. Kh3 Kf3 0-1

[Event "Herforder SV Königsspringer 1 - SG Por"]
[Site "NRW-Liga - Gruppe 1 2019/2020"]
[Date "2020.01.26"]
[Round "5.7"]
[White "Thiemonds, Uli"]
[Black "Stoimenov, Ivan"]
[Result "1-0"]
[WhiteElo "2001"]
[BlackElo "1978"]
[PlyCount "99"]
[EventDate "2020.??.??"]
[SourceVersionDate "2020.03.16"]
[WhiteTeam "SG Porz 2"]
[BlackTeam "Herforder SV Königsspringer 1"]

1. e4 e5 2. Nf3 Nc6 3. Bb5 a6 4. Bxc6 dxc6 5. O-O Bg4 6. h3 h5 7. d3 Bxf3 8.
Qxf3 Qf6 9. Qxf6 Nxf6 10. Be3 O-O-O 11. Nd2 Nd7 12. Nf3 Be7 13. Rad1 c5 14. g3
g6 15. Kg2 f5 16. Bg5 Bxg5 17. Nxg5 Rde8 18. f4 Rhf8 19. Rde1 fxe4 20. Rxe4
exf4 21. Rfxf4 Rxe4 22. Rxf8+ Nxf8 23. dxe4 Kd7 24. Kf3 Kd6 25. Kf4 c4 26. Nf7+
Ke7 27. Ne5 c3 28. bxc3 Kf6 29. Nd3 Ne6+ 30. Ke3 c5 31. Nf4 Nf8 32. h4 Ke5 33.
Nd3+ Kd6 34. c4 b5 35. e5+ Kc6 36. Ke4 b4 37. Nf4 a5 38. Kf3 Kd7 39. g4 hxg4+
40. Kxg4 Ke7 41. Kf3 Kd7 42. Kg3 Ke7 43. Kg4 Kf7 44. Kf3 Nh7 45. Ke4 g5 46.
hxg5 Nxg5+ 47. Kd5 Nf3 48. Kd6 Nd4 49. e6+ Ke8 50. Nd5 1-0

[Event "Herforder SV Königsspringer 1 - SG Por"]
[Site "NRW-Liga - Gruppe 1 2019/2020"]
[Date "2020.01.26"]
[Round "5.8"]
[White "Heuermann, Heinz-Burkhard"]
[Black "Wittig, Till"]
[Result "0-1"]
[WhiteElo "1798"]
[BlackElo "1976"]
[PlyCount "68"]
[EventDate "2020.??.??"]
[SourceVersionDate "2020.03.16"]
[WhiteTeam "Herforder SV Königsspringer 1"]
[BlackTeam "SG Porz 2"]

1. Nf3 Nf6 2. c4 c5 3. Nc3 g6 4. d4 cxd4 5. Nxd4 Bg7 6. e4 d6 7. Be2 O-O 8. Be3
Nc6 9. h4 Ne5 10. f3 Bd7 11. Qd2 a6 12. Bh6 Qc7 13. Bxg7 Kxg7 14. Rc1 Rac8 15.
Kf2 e6 16. g4 Qb6 17. Kg2 Nxc4 18. Bxc4 Rxc4 19. Nde2 Bb5 20. h5 Rc7 21. hxg6
fxg6 22. Qh6+ Kg8 23. Nf4 Re7 24. g5 Ng4 25. fxg4 Rxf4 26. Qh4 Bc6 27. Rc2 Rxe4
28. Kh2 Rf4 29. Re1 Ref7 30. Nd1 e5 31. Rd2 Qb4 32. Rxd6 Qxd6 33. Qg3 Qd2+ 34.
Kg1 Rxg4 0-1

[Event "SV Bergneustadt/Derschlag 1 - Düsseldo"]
[Site "NRW-Liga - Gruppe 1 2019/2020"]
[Date "2020.01.26"]
[Round "5.1"]
[White "Harff, Marcel"]
[Black "Koellner, Aaron Noah"]
[Result "1-0"]
[WhiteElo "2351"]
[BlackElo "2146"]
[PlyCount "107"]
[EventDate "2020.??.??"]
[SourceVersionDate "2020.03.16"]
[WhiteTeam "Düsseldorfer SK 2"]
[BlackTeam "SV Bergneustadt/Derschlag 1"]

1. c4 c6 2. b3 d5 3. Bb2 Bf5 4. Nf3 e6 5. d3 Nf6 6. Nh4 Bg4 7. h3 Bh5 8. Nd2
Be7 9. g4 Bg6 10. Bg2 Nbd7 11. cxd5 cxd5 12. Rc1 O-O 13. O-O Qb6 14. Nxg6 hxg6
15. Qc2 Bd6 16. Nf3 Qd8 17. e3 Rc8 18. Qd2 Qe7 19. Bd4 e5 20. Bb2 e4 21. dxe4
dxe4 22. Ng5 Rcd8 23. Qa5 a6 24. Rfd1 Rc8 25. Rxc8 Rxc8 26. Qd2 Bb4 27. Qd4 Bc5
28. Qc3 Qf8 29. Nxe4 Be7 30. Nxf6+ Bxf6 31. Qd2 Bxb2 32. Qxb2 Rc7 33. Qd4 Nc5
34. Qe5 Ne6 35. Bd5 Rd7 36. Rc1 Qd6 37. Qxd6 Rxd6 38. Bxb7 Rd2 39. Bxa6 Ng5 40.
a4 Nxh3+ 41. Kg2 Nxf2 42. Kf3 f5 43. gxf5 gxf5 44. Kf4 g6 45. Rc7 Ne4 46. Bc4+
Kf8 47. a5 Nd6 48. a6 Ra2 49. a7 Ra5 50. Bd5 Ne8 51. Rf7+ Kg8 52. Rxf5+ Kg7 53.
Rf7+ Kh6 54. a8=Q 1-0